| 000 | 00613nam a22002177a 4500 | ||
|---|---|---|---|
| 999 |
_c7645 _d7645 |
||
| 001 | 9480 | ||
| 003 | BD-DhUAP | ||
| 005 | 20210127152257.0 | ||
| 008 | 200128s2003 ii ||||| |||| 00| 0 eng d | ||
| 020 | _a0582437733 | ||
| 040 |
_aBD-DhUAP _bEng _cBD-DhUAP _dBD-DhUAP |
||
| 082 |
_223 _a341.481 REH |
||
| 100 | _aRehman, Javaid. | ||
| 245 |
_aInternational human rights law : _ba practical approach / _cJavaid Rehman. |
||
| 260 |
_aHarlow : _bLongman, _cc2003. |
||
| 300 |
_axlii, 494 pages ; _c22 cm. |
||
| 500 | _aIncludes index. | ||
| 650 |
_aLaw _vInternational. |
||
| 650 | _a Human rights. | ||
| 942 |
_2ddc _cBK |
||